Métro parisien : Mort subite (2) - Statistiques

Statistiques générales
  • Ce quiz a été pris 674 fois
  • Le résultat moyen est 7 sur 30
Answers on the Grid
Answers color-coded by a green-red scale on the quiz's grid according to % correct below.
Ablon
Aéroport d’Orly
Avenue Émile Zola
Avon
Avron
Bagneux
Bellevue
Boissière
Boissise-le-Roi
Cernay
Château d'Eau
Chevilly-Larue
Corentin Cariou
Corentin Celton
Coteaux Beauclair
Créteil Pompadour
Créteil – L’Échat
Croix de Chavaux
Europe
Gabriel Péri
Gennevilliers
Goncourt
Hôpital Bicêtre
Issy
Jules Joffrin
La Dhuys
La Fourche
La Plaine - Stade de France
Lamarck Caulaincourt
Laplace
Les Agnettes
Lourmel
Louvres
Luxembourg
Mairie de Saint-Ouen
Maisons-Alfort Alfortville
Maisons-Alfort Stade
Malakoff Rue Étienne Dolet
Marx Dormoy
Notre-Dame de-Lorette
Orly – Ville
Pantin
Pernety
Port-Royal
Rue St-Maur
Saint Jacques
Saint-Denis
St-Sébastien Froissart
Vert-Galant
Vincennes
 
Statistiques - réponses
Réponse % Correct
Aéroport d’Orly
68%
Avron
48%
Avenue Émile Zola
45%
Château d'Eau
27%
Boissière
26%
Corentin Cariou
25%
Jules Joffrin
25%
Créteil – L’Échat
24%
Europe
24%
Lamarck Caulaincourt
24%
Corentin Celton
21%
La Fourche
21%
Goncourt
20%
Chevilly-Larue
19%
Croix de Chavaux
19%
Hôpital Bicêtre
19%
Gabriel Péri
18%
Marx Dormoy
18%
Lourmel
17%
Mairie de Saint-Ouen
17%
Maisons-Alfort Stade
17%
Malakoff Rue Étienne Dolet
17%
Rue St-Maur
17%
Notre-Dame de-Lorette
16%
La Dhuys
15%
Les Agnettes
15%
Pernety
15%
Saint Jacques
15%
St-Sébastien Froissart
15%
Coteaux Beauclair
13%
Aucun quiz correspondant
Distribution des résultats
% des personnes avec chaque résultat
Percentile par nombre de réponses
Votre historique - résultats
Vous n’avez pas pris ce quiz